Middle East 100 Architecture, Vol. 2 (Record no. 14016)

000 -LEADER
fixed length control field 00298nam a2200121Ia 4500
008 - FIXED-LENGTH DATA ELEMENTS--GENERAL INFORMATION
fixed length control field 260210s9999 xx 000 0 und d
020 ## - INTERNATIONAL STANDARD BOOK NUMBER
International Standard Book Number 9788957709153
082 ## - DEWEY DECIMAL CLASSIFICATION NUMBER
Classification number 720.956 MAT
100 ## - MAIN ENTRY--PERSONAL NAME
Personal name Archiworld
245 #0 - TITLE STATEMENT
Title Middle East 100 Architecture, Vol. 2
260 ## - PUBLICATION, DISTRIBUTION, ETC. (IMPRINT)
Name of publisher, distributor, etc Archiworld
942 ## - ADDED ENTRY ELEMENTS (KOHA)
Item type PG Books
Source of classification or shelving scheme
Holdings
Withdrawn status Lost status Source of classification or shelving scheme Damaged status Koha normalized classification for sorting Not for loan Permanent location Current location Shelving location Date acquired Full call number Barcode Date last seen Price effective from Koha item type
        720_956000000000000_MAT   BMS College of Architecture, Design and Planning BMS College of Architecture, Design and Planning General Stacks 2025-12-02 720.956 MAT AR-PG792 2026-02-10 2026-02-10 PG Books
Copyright © 2025, The Librarian, Library and Information Centre, BMSCA D&P, Bengaluru. All Rights Reserved
web counter

Powered by Koha